[Event "Capablanca Memorial op 57th"]
[Site "Havana"]
[Date "2024.05.10"]
[Round "8"]
[White "Hechavarria Puga, Lenier"]
[Black "Gallestey Calvo, Ariel"]
[Result "1/2-1/2"]
[WhiteElo "1908"]
[BlackElo "2099"]
[PlyCount "73"]
[EventDate "2024.05.03"]
[EventType "swiss"]
[EventRounds "10"]
[EventCountry "CUB"]
[SourceTitle "EXT 2025"]
[Source "ChessBase"]
[SourceDate "2024.10.14"]
[SourceVersion "1"]
[SourceVersionDate "2024.10.14"]
[SourceQuality "1"]

1. e4 c6 2. Bc4 d5 3. Bb3 dxe4 4. Qh5 g6 5. Qh4 Nf6 6. Nc3 Bg7 7. f3 exf3 8. Nxf3 0-0 9. 0-0 Na6 10. d4 Nc7 11. Bh6 Be6 12. Ng5 Bxb3 13. axb3 Ne6 14. Nxe6 fxe6 15. Bxg7 Kxg7 16. Rae1 Qd6 17. Re5 Rad8 18. Rfe1 Qxd4+ 19. Qxd4 Rxd4 20. Rxe6 Ng8 21. Ne4 Rf5 22. c3 Rdd5 23. b4 Rfe5 24. Nc5 Rxe1+ 25. Rxe1 b6 26. Nb3 e5 27. Re3 Ne7 28. g4 g5 29. Nd4 Kf6 30. Rf3+ Kg6 31. Ne6 Rd6 32. Nf8+ Kg7 33. Nxh7 e4 34. Rf1 Rg6 35. Nf8 Rf6 36. Rxf6 Kxf6 37. Nh7+ 1/2-1/2

[Event "Capablanca Memorial op 57th"]
[Site "Havana"]
[Date "2024.05.06"]
[Round "4"]
[White "Hechavarria Puga, Lenier"]
[Black "Caballero Ramos, Greter"]
[Result "0-1"]
[WhiteElo "1908"]
[BlackElo "2076"]
[PlyCount "146"]
[EventDate "2024.05.03"]
[EventType "swiss"]
[EventRounds "10"]
[EventCountry "CUB"]
[SourceTitle "EXT 2025"]
[Source "ChessBase"]
[SourceDate "2024.10.14"]
[SourceVersion "1"]
[SourceVersionDate "2024.10.14"]
[SourceQuality "1"]

1. e4 e6 2. Nf3 d5 3. e5 c5 4. b4 cxb4 5. d4 Nc6 6. a3 Qa5 7. Bd2 Bd7 8. Bd3 Qb6 9. axb4 Nxb4 10. Bxb4 Bxb4+ 11. c3 Be7 12. Qc2 Nh6 13. 0-0 Nf5 14. Na3 Bxa3 15. Rxa3 Ne7 16. Rb1 Qc7 17. Nd2 h6 18. c4 dxc4 19. Nxc4 0-0 20. Bh7+ Kh8 21. Nd6 Qxc2 22. Bxc2 b6 23. Be4 Bc6 24. f3 f6 25. Rc1 Bxe4 26. fxe4 fxe5 27. Rc7 Ng6 28. Nf7+ Kh7 29. dxe5 a5 30. Nxh6 Nf4 31. Nf7 Kg8 32. Rf3 Rxf7 33. Rxf7 Kxf7 34. Rxf4+ Kg8 35. Rf1 b5 36. Rb1 b4 37. Kf2 Rc8 38. Ke3 Rc2 39. Ra1 Rxg2 40. Rxa5 Rxh2 41. Rb5 b3 42. Rb7 b2 43. Kf4 Kh7 44. Rb6 g6 45. Kg5 Rg2+ 46. Kf4 Kh6 47. Kf3 Rc2 48. Kg4 Rd2 49. Rb8 Kg7 50. Rb7+ Kf8 51. Kg5 Rf2 52. Kxg6 Ke8 53. Kg5 Kd8 54. Kg4 Kc8 55. Rb3 Kd7 56. Kg3 Rc2 57. Kf3 Rc3+ 58. Rxc3 b1Q 59. Kf4 Qe1 60. Rd3+ Ke7 61. Rg3 Kf7 62. Rf3 Kg6 63. Rg3+ Kf7 64. Rf3 Ke7 65. Rg3 Qf2+ 66. Rf3 Qd2+ 67. Kg4 Qh6 68. Rg3 Kd7 69. Rf3 Qg6+ 70. Kf4 Kc6 71. Ke3 Kc5 72. Kf4 Kd4 73. Rg3 Qxe4+ 0-1

[Event "Varadero op-A"]
[Site "Varadero"]
[Date "2023.10.06"]
[Round "6"]
[White "Cepero Lopez, Amy Ashley"]
[Black "Hechavarria Puga, Lenier"]
[Result "1-0"]
[WhiteElo "1962"]
[BlackElo "1715"]
[PlyCount "139"]
[EventDate "2023.10.03"]
[EventType "swiss"]
[EventRounds "9"]
[EventCountry "CUB"]
[SourceTitle "EXT 2025"]
[Source "ChessBase"]
[SourceDate "2024.10.14"]
[SourceVersion "1"]
[SourceVersionDate "2024.10.14"]
[SourceQuality "1"]

1. e4 c5 2. Nc3 a6 3. g3 b5 4. Bg2 Bb7 5. d3 Nf6 6. Nf3 e6 7. e5 Ng8 8. 0-0 d5 9. exd6 Bxd6 10. Ne4 Nc6 11. Re1 Be7 12. Be3 Nd4 13. c3 Nxf3+ 14. Bxf3 Qc7 15. Nxc5 Bxc5 16. Bxc5 Ne7 17. Bxb7 Qxb7 18. Bxe7 Qxe7 19. Qf3 0-0 20. d4 Qd6 21. Rad1 Rfd8 22. Re5 Rac8 23. a3 Qc6 24. Qxc6 Rxc6 25. Rde1 Kf8 26. f4 Rd5 27. Kf2 a5 28. Ke3 f6 29. Re4 Kf7 30. Kd3 a4 31. Rb1 Kg6 32. b3 axb3 33. Rxb3 Kf5 34. Re2 Ra6 35. Reb2 Ra5 36. h3 h5 37. Ke3 Kg6 38. Ke4 Kf7 39. g4 g6 40. a4 f5+ 41. gxf5 gxf5+ 42. Kd3 bxa4 43. Rb7+ Kf6 44. c4 Rd8 45. Kc3 Raa8 46. R7b6 Rg8 47. d5 Rg3+ 48. Kd4 Rxh3 49. Rxe6+ Kf7 50. Rb7+ Kg8 51. Rg6+ Kh8 52. Rh6+ Kg8 53. Rg6+ Kh8 54. Rgb6 Rg3 55. Rh6+ Kg8 56. Rxh5 a3 57. Rh1 Rg2 58. Ra1 Re2 59. d6 Re4+ 60. Kd5 Rxf4 61. d7 Rf2 62. c5 Rd2+ 63. Kc6 a2 64. Kc7 Kf7 65. c6 f4 66. Rb4 f3 67. Rf4+ Ke7 68. Rxf3 Ra7+ 69. Kb6 Ra4 70. Re3+ 1-0

[Event "Varadero op-A"]
[Site "Varadero"]
[Date "2023.10.06"]
[Round "7"]
[White "Hechavarria Puga, Lenier"]
[Black "Hernandez Cristia, Ariel"]
[Result "1-0"]
[WhiteElo "1715"]
[BlackElo "1883"]
[PlyCount "69"]
[EventDate "2023.10.03"]
[EventType "swiss"]
[EventRounds "9"]
[EventCountry "CUB"]
[SourceTitle "EXT 2025"]
[Source "ChessBase"]
[SourceDate "2024.10.14"]
[SourceVersion "1"]
[SourceVersionDate "2024.10.14"]
[SourceQuality "1"]

1. e4 c5 2. Nf3 e6 3. b4 Nf6 4. e5 Nd5 5. bxc5 Bxc5 6. c3 Nc6 7. d4 Be7 8. Bd3 d6 9. exd6 Bxd6 10. 0-0 Bd7 11. Ng5 Nf6 12. Nd2 Qc7 13. h3 h6 14. Nge4 Be7 15. Rb1 Nd5 16. Bb2 g6 17. Nb3 0-0 18. Nbc5 b6 19. Nxd7 Qxd7 20. Qd2 Kh7 21. Bc1 Rh8 22. Qxh6+ Kg8 23. Qd2 Qc7 24. f4 Rh4 25. Qf2 Kg7 26. Ng5 Rah8 27. Bxg6 Bxg5 28. fxg5 Nxd4 29. cxd4 Kxg6 30. Rb3 R8h7 31. Rf3 Qc4 32. Rf6+ Nxf6 33. Qxf6+ Kh5 34. g4+ Rxg4+ 35. hxg4+ 1-0

[Event "Guillermo Garcia Memorial U16 op 29th"]
[Site "Santa Clara"]
[Date "2022.05.02"]
[Round "1"]
[White "Hechavarria Puga, Lenier"]
[Black "Santana Ovalle, Lauren Sofia"]
[Result "1-0"]
[WhiteElo "1682"]
[BlackElo "1473"]
[PlyCount "65"]
[EventDate "2022.05.02"]
[EventType "swiss"]
[EventRounds "7"]
[EventCountry "CUB"]
[SourceTitle "EXT 2023"]
[Source "ChessBase"]
[SourceDate "2022.10.05"]
[SourceVersion "1"]
[SourceVersionDate "2022.10.05"]
[SourceQuality "1"]

1. Nf3 Nf6 2. g3 d5 3. Bg2 c5 4. 0-0 e6 5. d3 Be7 6. Nbd2 0-0 7. e4 Qc7 8. Ne1 dxe4 9. dxe4 Bd7 10. f4 c4 11. c3 Bc5+ 12. Kh1 b5 13. Qe2 Bc6 14. g4 Nbd7 15. g5 Ne8 16. Qh5 f5 17. Nc2 e5 18. Qe2 exf4 19. exf5 Nd6 20. Rxf4 Rad8 21. Qf1 Qb7 22. b4 Bb6 23. Nf3 Rxf5 24. Rxf5 Nxf5 25. Bf4 Rf8 26. Rd1 Ne3 27. Bxe3 Bxf3 28. Bxf3 Rxf3 29. Qg2 Bxe3 30. Nxe3 Ne5 31. Rd5 Qb6 32. Rxe5 Rxe3 33. Qa8+ 1-0

[Event "Migoya Memorial tt"]
[Site "Camaguey"]
[Date "2018.09.25"]
[Round "5.2"]
[White "Hernandez Elias, Yurislandy"]
[Black "Hechavarria Puga, Lenier"]
[Result "1/2-1/2"]
[WhiteElo "1546"]
[BlackElo "1640"]
[PlyCount "41"]
[EventDate "2018.09.20"]
[EventType "team-tourn"]
[EventRounds "10"]
[EventCountry "CUB"]
[SourceTitle "EXT 2021"]
[Source "ChessBase"]
[SourceDate "2020.10.23"]
[SourceVersion "1"]
[SourceVersionDate "2020.10.23"]
[SourceQuality "1"]

1. e4 c5 2. d4 cxd4 3. c3 d3 4. Bxd3 d6 5. Nf3 Nc6 6. Be3 Nf6 7. 0-0 g6 8. Nbd2 Bg7 9. h3 0-0 10. Re1 Qc7 11. Nf1 d5 12. exd5 Nxd5 13. Bd2 Nf4 14. Bxf4 Qxf4 15. Qd2 Qxd2 16. N1xd2 Rd8 17. Bc2 Ne5 18. Rad1 Nxf3+ 19. Nxf3 Be6 20. a3 Rac8 21. Ng5 1/2-1/2